000 00433nam a2200133Ia 4500
008 220217s9999||||xx |||||||||||||| ||und||
020 _a81-7808-347-7
082 _a005.131 HOP
100 _aHopcroft, John E, Motwani,Rajeev, Ullman,Jeffrey D
_9924
245 0 _aIntroduction to automata theory, languages, and computation
260 _aNarosa publishing house
_bDelhi
_c1997
300 _b165
650 _aPROGRAMMING LANGUAGE
999 _c165630
_d165630